000 00453nam a22001817a 4500
001 00028297
005 20260224143120.0
008 260224b ag ||||| |||| 00| 0 spa d
020 _a8423929779
040 _bspa
_cAR-CcCEOS
080 _aR030
090 _bESP
245 _aNuevo diccionario enciclopƩdico espasa
260 _aEspaƱa :
_bEspasa Calpe,
_cc2000.
300 _a1864 p. ;
_c25x19 cm.
650 0 _adiccionario
942 _2udc
_cBK
999 _c28315
_d28315
945 _a66467
_bMelina Rolando
_c66467
_dMelina Rolando